Estadísticas para Las telenovelas mas famosas de Mexico

Haz click aquí para intentar la prueba.

Estadísticas generales

  • Esta prueba ha sido intentada 146 veces
    (134 desde el último reinicio)
  • La puntuación promedio es 10 de 45

Estadísticas de respuestas

No.Respuesta% Correcto
8Maria la del barrio
61%
14Destilando amor
59%
12Rubi
55%
11Teresa
55%
22Marimar
54%
13Lazos de amor
51%
43Primer amor
50%
15Cuna de lobos
46%
32Agujetas de color de rosa
44%
20Maria Mercedes
43%
10Amor real
39%
21Rebelde
37%
24La usurpadora
33%
25El privilegio de amar
28%
2Los ricos tambien lloran
28%
3La fea mas bella
26%
1La madrastra
26%
30Corazon salvaje
25%
19Alborada
24%
37Lo que la vida me robo
22%
4Mirada de mujer
18%
34Quinceañera
17%
28La dueña
15%
39La dueña
15%
40Mi corazon es tuyo
15%
16Carrusel
13%
29Corona de lagrimas
13%
18El manantial
13%
35El maleficio
12%
5Colorina
11%
26Cadenas de amargura
10%
6Chispita
10%
31Salome
9%
41El pecado de Oyuki
8%
7El derecho de nacer
7%
17El abuelo y yo
6%
45Abrazame muy fuerte
5%
33Alcanzar una estrella
5%
44Amigos x siempre
5%
36Amor en silencio
4%
42Confidente de secundaria
4%
23Gutierritos
3%
27Los Sanchez
2%
38La antorcha encendida
1%
9La vida en el espejo
1%

Distribución de puntuación

Porcentaje por número respondido

Porcentaje de gente con cada puntuación

Historial de tus puntuaciones

No has intentado esta prueba desde el último reinicio